Statistics for Cadbury's Chocolate

Click here to take the quiz!

General Stats

  • This quiz has been taken 27 times
    (22 since last reset)
  • The average score is 25 of 85

Answer Stats

HintAnswer% Correct
Dairy MilkCaramel
81%
BiscuitsCaramel
81%
Individual barTwirl
81%
Individual barFlake
75%
BiscuitsWispa
69%
Individual barWispa
69%
Dairy MilkButtons
63%
Individual barCrunchie
63%
Dairy MilkFruit & Nut
63%
Individual barFudge
63%
Bags and boxesCreme egg
56%
Individual barCurly wurly
56%
Individual barDouble decker
56%
Dairy MilkFreddo
56%
BiscuitsFreddo
56%
Bags and boxesRoses
56%
Dairy MilkWholenut
56%
Individual barChomp
50%
Bags and boxesHeroes
50%
Dairy MilkOreo
50%
Individual barBournville
44%
Bags and boxesMilk tray
44%
Individual barPicnic
44%
Individual barBoost
38%
Dairy MilkDaim
38%
Bags and boxesMini eggs
38%
Brunch barPeanut
38%
BournevilleOrange
31%
Individual barDarkmilk
25%
Bags and boxesEclairs
25%
Dairy MilkFingers
25%
Dairy MilkFreddo caramel
25%
Dairy MilkOriginal
25%
DarkmilkSalted caramel
25%
Dairy MilkTiffin
25%
Individual barTimeout
25%
Bags and boxesTwirl bites
25%
Individual barWispa Gold
25%
Dairy Milk30% less sugar
19%
Bags and boxesBitsa wispa
19%
Bags and boxesBoost bites
19%
Dairy MilkCaramel nibbles
19%
Dairy MilkChoca-latte
19%
Dairy MilkChopped Nut
19%
Dairy MilkCrunchie bits
19%
Bags and boxesCrunchie rocks
19%
Bags and boxesDinky deckers
19%
Dairy MilkFreddo faces
19%
Dairy MilkGiant Buttons
19%
Dairy MilkMini Bars
19%
Dairy MilkMixed buttons
19%
Bags and boxesOreo bites
19%
Dairy Milk Big TasteOreo Crunch
19%
Dairy MilkOreo Mint
19%
Dairy Milk Big TastePeanut Caramel Crisp
19%
Bags and boxesPicnic bites
19%
Brunch barRaisin
19%
BiscuitsRoundie
19%
BiscuitsSnack!
19%
Dairy Milk Big TasteToffee Wholenut
19%
Dairy Milk Big TasteTriple Choc
19%
Dairy MilkWhite Buttons
19%
Dairy Milk MedleyBiscuit and fudge
13%
Individual barBoost protein
13%
Bags and boxesBournville giant buttons
13%
Brunch barChoc chip
13%
BiscuitsChocolate chip brownie
13%
BiscuitsChocolicious
13%
DarkmilkClassic
13%
BournevilleClassic
13%
BiscuitsCrunchy melts chocolate centre
13%
BiscuitsCrunchy melts double indulgence
13%
Bags and boxesCurlywurly squirlies
13%
Bags and boxesEclairs velvets
13%
Dairy MilkFreddo Treasures
13%
Dairy MilkFreddo white treasures
13%
BiscuitsHazelnut chunk brownie
13%
Marvelous CreationsJelly popping candy
13%
Individual barPeanut boost protein
13%
DarkmilkRoasted almonds
13%
Individual barSnack! Shortcake
13%
Individual barStarbar
13%
Bags and boxesFudge Minis
6%
BiscuitsMini fingers
6%
BiscuitsNibbly fingers
6%

Score Distribution

Percentile by Number Answered

Percent of People with Each Score

Your Score History

You have not taken this quiz since the last reset